| Tag |
First Indicator |
Second Indicator |
Subfields |
| LEADER |
00000nam a2200000 i 4500 |
| 001 |
in00005610021 |
| 006 |
m o d f |
| 007 |
cr b|||||a|||| |
| 008 |
241017s2024 dcu o f000 0 eng c |
| 005 |
20241219164135.7 |
| 035 |
|
|
|a (OCoLC)on1461776030
|
| 040 |
|
|
|a GPO
|b eng
|e rda
|e pn
|c GPO
|d GPO
|d MvI
|
| 042 |
|
|
|a pcc
|
| 043 |
|
|
|a s-ck---
|a n-us---
|
| 049 |
|
|
|a WWW
|
| 074 |
|
|
|a 0996-F (online)
|
| 086 |
0 |
|
|a Y 1.1/7:118-173
|
| 110 |
1 |
|
|a United States.
|b President (2021- : Biden),
|0 https://id.loc.gov/authorities/names/no2021008616
|e author.
|
| 240 |
1 |
0 |
|a Continuation of the national emergency with respect to significant drug traffickers centered in Colombia (2024 October 11)
|
| 245 |
1 |
0 |
|a Continuation of the national emergency with respect to significant drug traffickers centered in Colombia :
|b communication from the President of the United States transmitting a notification that the national emergency, with respect to significant narcotics traffickers centered in Colombia declared in Executive Order 12978 of October 21, 1995, is to continue in effect beyond October 21, 2024, pursuant to 50 U.S.C. 1622(d); Public Law 94-412, Sec. 202(d); (90 Stat. 1257).
|
| 264 |
|
1 |
|a Washington, DC :
|b United States Government Publishing Office,
|c 2024.
|
| 300 |
|
|
|a 1 online resource (3 pages).
|
| 336 |
|
|
|a text
|b txt
|2 rdacontent
|
| 337 |
|
|
|a computer
|b c
|2 rdamedia
|
| 338 |
|
|
|a online resource
|b cr
|2 rdacarrier
|
| 490 |
1 |
|
|a House document / 118th Congress, 2d session ;
|v 118-173
|
| 500 |
|
|
|a "Referred to the Committee on Foreign Affairs."
|
| 500 |
|
|
|a "October 11, 2024."
|
| 500 |
|
|
|a In scope of the U.S. Government Publishing Office Cataloging and Indexing Program (C&I) and Federal Depository Library Program (FDLP).
|
| 500 |
|
|
|a GPO Cataloging Record Distribution Program (CRDP).
|
| 588 |
|
|
|a Description based on online resource, PDF version; title from title page (GovInfo, viewed Oct. 17, 2024).
|
| 650 |
|
0 |
|a Drug control
|z Colombia.
|
| 650 |
|
0 |
|a Drug control
|z United States.
|
| 650 |
|
0 |
|a Drug traffic
|z Colombia
|x Prevention.
|
| 650 |
|
0 |
|a Drug traffic
|z United States
|x Prevention.
|
| 651 |
|
0 |
|a United States
|x Relations
|z Colombia.
|
| 651 |
|
0 |
|a Colombia
|x Relations
|z United States.
|
| 655 |
|
7 |
|a Legislative materials.
|2 lcgft
|0 https://id.loc.gov/authorities/genreForms/gf2011026362
|
| 700 |
1 |
|
|a Biden, Joseph R.,
|c Jr.,
|0 https://id.loc.gov/authorities/names/n80016125
|e author.
|
| 710 |
1 |
|
|a United States.
|b Congress.
|b House.
|b Committee on Foreign Affairs,
|0 https://id.loc.gov/authorities/names/n79060504
|e issuing body.
|
| 776 |
0 |
8 |
|i Print version:
|a United States. President (2021- : Biden).
|s Continuation of the national emergency with respect to significant drug traffickers centered in Colombia (2024 October 11)
|w (OCoLC)1461777289
|
| 830 |
|
0 |
|a House document (United States. Congress. House) ;
|0 https://id.loc.gov/authorities/names/n42012889
|v 118-173.
|
| 856 |
4 |
0 |
|3 PDF version
|u https://purl.fdlp.gov/GPO/gpo233949
|t 0
|
| 856 |
4 |
0 |
|3 Text version
|u https://purl.fdlp.gov/GPO/gpo233950
|t 0
|
| 999 |
f |
f |
|i 5f1c3ab6-66d4-4651-95cb-82435f667ae8
|s dbe3c5a4-9b68-4ecc-9434-9e4eb34d1472
|t 0
|
| 952 |
f |
f |
|a Texas A&M University
|b College Station
|c Electronic Resources
|d Available Online
|t 0
|e Y 1.1/7:118-173
|h Superintendent of Documents classification
|
| 998 |
f |
f |
|a Y 1.1/7:118-173
|t 0
|l Available Online
|